=LDR 00000nam 2200000 4500 =001 INLIS000000000038071 =005 20130612143749 =008 ***********************************Ind** =035 ##$$0010-061300000038071 =041 ##$$a Ind =082 ##$$a 398.2 =090 ##$$a 398.2 , Som k =100 ##$$a Sompie, Efie S =245 ##$$a Kumpulan dongeng terkenal sedunia , dongeng abadi 1001 malam =260 ##$$a karisma $b Jakarta =300 ##$$a 290 hlm. , ilus , 25 cm =850 ##$$a NBPNMAT =990 ##$$a 21194706/BPAP-NTB/2014 =990 ##$$a 0001/BPAP-NTB/20142015